000 00561nam a22001937a 4500
005 20251108175147.0
008 250721s9999 xx 000 0 ara d
082 1 4 _a649.1/طيب
100 1 _aالطيبي، عبد المنان
245 1 0 _aالأهل و المراهقة عند الأبناء /
264 1 _aبيروت :
_bدار اليوسف،
_c[200-].
300 _a96 ص.
650 1 7 _aالعلاقات الأسرية
650 1 7 _aالتربية
650 1 7 _aالابناء
650 1 7 _aالآباء
942 _2ddc
_cBK
999 _c127576
_d127576